Антенна для "полевого дня"; Радио; № 2

Dades bibliogràfiques
Parent link:Радио: научно-технический журнал.— , 1925, 1947-.— 0033-765X
№ 2.— 2002.— С. 69
Autor principal: Григорьев И.
Idioma:rus
Publicat: 2002
Col·lecció:Радио - о связи
Matèries:
Format: MixedMaterials Capítol de llibre
KOHA link:https://koha.lib.tpu.ru/cgi-bin/koha/opac-detail.pl?biblionumber=382690

MARC

LEADER 00000naa2a2200000 4500
001 382690
005 20231101063017.0
035 |a (RuTPU)RU\TPU\prd\6969 
090 |a 382690 
100 |a 20021001a2002 k y0rusy50 ca 
101 0 |a rus 
102 |a RU 
200 1 |a Антенна для "полевого дня"  |f И. Григорьев 
225 1 |a Радио - о связи 
461 1 |0 (RuTPU)RU\TPU\prd\1704  |x 0033-765X  |t Радио  |o научно-технический журнал  |d 1925, 1947- 
463 1 |0 (RuTPU)RU\TPU\prd\2117  |t № 2  |v С. 69  |d 2002 
610 1 |a антенны 
700 1 |a Григорьев  |b И. 
801 1 |a RU  |b 63413507  |c 20021001  |g PSBO 
801 2 |a RU  |b 63413507  |c 20140303  |g RCR 
942 |c BK